[Event "La Fere op 2nd"]
[Site "La Fere"]
[Date "2003.07.02"]
[Round "6"]
[White "Deneufeglise, Pierre Emmanuel"]
[Black "Olarasu, Gabriela"]
[Result "1/2-1/2"]
[WhiteElo "1908"]
[BlackElo "2308"]
[PlyCount "173"]
[EventDate "2003.06.28"]
[EventType "swiss"]
[EventRounds "9"]
[EventCountry "FRA"]
[SourceTitle "EXT 2004"]
[Source "ChessBase"]
[SourceDate "2003.11.25"]
[SourceVersion "1"]
[SourceVersionDate "2003.11.25"]
[SourceQuality "1"]

1. d4 e6 2. c4 b6 3. e4 Bb7 4. Nc3 Bb4 5. Bd3 f5 6. Qh5+ g6 7. Qe2 Nf6 8. f3 Nc6 9. Qf2 fxe4 10. fxe4 0-0 11. Nf3 e5 12. d5 Bc5 13. Qh4 Nd4 14. Nxe5 Qe8 15. Nf3 Nxf3+ 16. gxf3 Nh5 17. Rf1 Qe5 18. Bh6 Nf4 19. 0-0-0 Rf7 20. Ne2 Ng2 21. Qg3 Qxg3 22. hxg3 Be3+ 23. Bxe3 Nxe3 24. Rde1 Nxf1 25. Rxf1 c5 26. e5 Re8 27. Nc3 Rxe5 28. Ne4 Rfe7 29. Kd2 Rxe4 30. Bxe4 d6 31. Rh1 Kg7 32. Kd3 h5 33. b3 Bc8 34. Rh4 Kf6 35. Rf4+ Kg7 36. Rh4 Bd7 37. Rh2 b5 38. a3 a5 39. Rh1 Be8 40. Kc3 b4+ 41. axb4 axb4+ 42. Kb2 Ra7 43. Re1 Bf7 44. Bd3 Kf6 45. f4 Re7 46. Rg1 Be8 47. g4 hxg4 48. Rxg4 Re3 49. Kc2 Rh3 50. Be4 Rh2+ 51. Kc1 Rh6 52. Kd2 Bd7 53. Rg5 Rh2+ 54. Kc1 Be8 55. Rg4 Rh3 56. Bc2 Rh1+ 57. Kd2 Rh2+ 58. Kc1 Bf7 59. Kd1 Rh6 60. Ke2 Be8 61. Kd1 Bd7 62. Rg5 Rh1+ 63. Kd2 Rh2+ 64. Kc1 Be8 65. Rg4 Re2 66. Kd1 Re7 67. Kd2 Rg7 68. Ke3 Ra7 69. Kd2 Ra3 70. Kc1 Ra1+ 71. Kd2 Ra2 72. Kc1 Bf7 73. Kb1 Ra8 74. Kc1 Rh8 75. Kd2 Rh5 76. Ke3 Rh3+ 77. Kd2 Rh2+ 78. Kd1 Rh5 79. Kd2 Kg7 80. Kd1 Be8 81. Kd2 Kf6 82. Kd1 Rh6 83. Kd2 Bd7 84. Rg5 Bc8 85. Kd1 Bh3 86. Ke2 Bd7 87. Kd2 1/2-1/2

[Event "La Fere op 2nd"]
[Site "La Fere"]
[Date "2003.06.30"]
[Round "3"]
[White "Gosset, Arnaud"]
[Black "Deneufeglise, Pierre Emmanuel"]
[Result "1-0"]
[WhiteElo "2126"]
[BlackElo "1908"]
[PlyCount "97"]
[EventDate "2003.06.28"]
[EventType "swiss"]
[EventRounds "9"]
[EventCountry "FRA"]
[SourceTitle "EXT 2004"]
[Source "ChessBase"]
[SourceDate "2003.11.25"]
[SourceVersion "1"]
[SourceVersionDate "2003.11.25"]
[SourceQuality "1"]

1. Nf3 d5 2. d4 Nf6 3. c4 c6 4. Nc3 dxc4 5. a4 Bf5 6. Ne5 e6 7. f3 Bb4 8. Nxc4 Nd5 9. Qd2 Bg6 10. e4 Nb6 11. Qf2 N8d7 12. Be3 0-0 13. Be2 Rc8 14. 0-0 Nxc4 15. Bxc4 Nb6 16. Bb3 Qe7 17. Rac1 Rfe8 18. Rfd1 h6 19. Ne2 Bh7 20. Nf4 Nd7 21. Qg3 Kh8 22. d5 e5 23. Nd3 Bd6 24. dxc6 bxc6 25. Qe1 c5 26. Bc4 Nb8 27. Qf2 Red8 28. Nxc5 Bxc5 29. Rxd8+ Rxd8 30. Bxc5 Qd7 31. Bb5 Qc7 32. Be3 Qa5 33. Qc2 a6 34. Be2 Re8 35. b3 f6 36. Qc3 Qxc3 37. Rxc3 Bg8 38. b4 Rd8 39. Rc7 Bb3 40. a5 Kh7 41. Kf2 Rd6 42. Bc5 Rd2 43. Ke3 Rc2 44. Bb6 Nc6 45. Bxa6 Rc3+ 46. Kf2 Rc2+ 47. Kg3 Nxb4 48. Rxc2 Bxc2 49. Bb5 1-0

[Event "Bethune-B"]
[Site "Bethune"]
[Date "2001.??.??"]
[Round "?"]
[White "Jossien, Remy"]
[Black "Deneufeglise, Pierre Emmanuel"]
[Result "1-0"]
[WhiteElo "2140"]
[BlackElo "1950"]
[PlyCount "25"]
[EventDate "2001.??.??"]
[EventType "schev"]
[EventRounds "10"]
[EventCountry "FRA"]
[SourceTitle "EXT 2003"]
[Source "ChessBase"]
[SourceDate "2002.11.25"]
[SourceVersion "1"]
[SourceVersionDate "2002.11.25"]
[SourceQuality "1"]

1. e4 c6 2. d4 d5 3. Nc3 dxe4 4. Bc4 Nf6 5. f3 exf3 6. Nxf3 Nbd7 7. 0-0 Qc7 8. Ng5 e6 9. Bxe6 fxe6 10. Nxe6 Qb6 11. Qe2 Kf7 12. Ng5+ Kg6 13. Qd3+ 1-0